| 000 | 00876nam a2200217Ia 4500 | ||
|---|---|---|---|
| 001 | 8501 | ||
| 003 | GE_BSU | ||
| 008 | 181216s||||||||xx |||||||||||||| ||und|| | ||
| 040 | _cGE_BSU | ||
| 080 | _a821.353.1-1 | ||
| 100 | _aვარშანიძე,მამია. | ||
| 245 | _aგილოცავს შენი სავანე :[მემედ აბაშიძე] | ||
| 245 | _cრედ:მამია ხარაზი;მხატვ:ზურაბ ხაბაძე. | ||
| 260 | _aბათუმი. | ||
| 260 | _bაჭარის ჟურნალ-გაზეთების გამ-ბა. | ||
| 260 | _c1992. | ||
| 300 | _a110გვ;1ფ.პორტ.16სმ. | ||
| 653 | _aგილოცავს შენი სავანე | ||
| 653 | _aპერსონალია: - აბაშიძე მემედ; | ||
| 942 | _cBK | ||
| 999 |
_c41818 _d41818 |
||